000
00252nam a2200097Ia 4500
001
838348
005
20250826172550.0
008
250824s9999 xx 000 0 und d
245
0
_a
KANUNİ SULTAN SÜLEYMAN
_c
YAVUZ BAHADIROĞLU
260
_b
PANAMA YAYINLARI
999
_c
838348
_d
838348